Colorado and its mining industry (1859-1959).

Bibliographic Details
Main Author: Saxon, Olin Glenn, 1892-
Format: Book
Language:English
Published: [Denver] : [Mining and Petroleum Committee, Colorado State Chamber of Commerce], [1959]
Subjects:

MARC

Tag First Indicator Second Indicator Subfields
LEADER 00000cam a2200000 4500
001 in00000040812
005 20151007064658.0
008 750224s1959 cou 00000 eng u
035 |a (OCoLC)01186166 
035 |9 AAE0368AM 
040 |c HRM  |d TXA  |d UtOrBLW 
049 |a TXAM  |c [326281] 
090 |a HD9506.U63  |b C6 S22 
092 |a 338.2  |b S273c 
100 1 |a Saxon, Olin Glenn,  |d 1892- 
245 1 0 |a Colorado and its mining industry (1859-1959). 
264 1 |a [Denver] :  |b [Mining and Petroleum Committee, Colorado State Chamber of Commerce],  |c [1959] 
300 |a vii, 80 pages :  |b portrait, tables. ;  |c 26 cm. 
336 |a text  |b txt  |2 rdacontent 
337 |a unmediated  |b n  |2 rdamedia 
338 |a volume  |b nc  |2 rdacarrier 
650 0 |a Mineral industries  |z Colorado. 
999 |a MARS 
999 f f |s 3abe2c96-080f-3b86-a221-f21aaa923164  |i 38c7e750-8158-3558-8a52-ac7d4dadede9  |t 0 
952 f f |p ric  |a Texas A&M University  |b Rellis Campus  |c Joint Library Facility  |d Remote Storage  |t 0  |e HD9506.U63 C6 S22  |h Library of Congress classification  |i unmediated -- volume  |m A14800762112 
998 f f |a HD9506.U63 C6 S22  |t 0  |l Remote Storage